Escalas de justicia

Saved in:
Bibliographic Details
Main Author: Fraser, Nancy (autora)
Format: Book
Language:Spanish
Published: Barcelona Herder 2008
Edition:1a. ed
Series:Pensamiento Herder
Subjects:
Tags: Add Tag
No Tags, Be the first to tag this record!

MARC

LEADER 00000cam a2200000 a 4500
001 UCE7481
003 CL-VaPUC
008 150612e20080000sp |||||||||||||||||spa|d
020 |a 9788425425462 
082 0 4 |a 340.112  |b FRA  |2 21 
100 |a Fraser, Nancy  |e autora  |9 580145 
245 1 0 |a Escalas de justicia 
250 |a 1a. ed 
300 |a 294 p 
942 |c BK 
945 |d 20150612 13:50:00  |a gsalatino 
260 |a Barcelona  |b Herder  |c 2008 
650 0 |a Derecho internacional  |9 255637 
650 0 |a Derechos humanos  |9 223025 
583 |a last modification  |c 20161003 08:08:45  |k Rodrigo Vera 
490 0 |a Pensamiento Herder 
999 |c 359571  |d 359569 
952 |0 0  |1 0  |3 erd  |4 0  |6 340_112000000000000_FRA_2008  |7 0  |8 A  |9 468837  |a BIBCUR  |b BIBCUR  |i 5164206  |o 340.112 FRA 2008  |p 5164206  |r 2025-04-22  |w 2019-11-23  |y BK  |z Catalogado en:20150612  |k PER 
952 |0 0  |1 0  |3 erd  |4 0  |6 340_112000000000000_FRA_2008  |7 0  |8 A  |9 468838  |a BIBCUR  |b BIBCUR  |i 5164214  |o 340.112 FRA 2008  |p 5164214  |r 2025-04-22  |w 2019-11-23  |y BK  |z Catalogado en:20150612  |k PER